书目信息 |
| 题名: |
中国式低碳
|
|
| 作者: | 肖钢 编著 | |
| 分册: | ||
| 出版信息: | 武汉 武汉大学出版社 2015.09 |
|
| 页数: | 198页 | |
| 开本: | 25cm | |
| 丛书名: | 大能源 | |
| 单 册: | ||
| 中图分类: | TK018-49 | |
| 科图分类: | ||
| 主题词: | 节能--中国--普及读物 | |
| 电子资源: | ||
| ISBN: | 978-7-307-16746-9 | |
| 000 | 00954oam2 2200277 450 | |
| 001 | 0120151696375 | |
| 005 | 20170327095428.39 | |
| 010 | @a978-7-307-16746-9@dCNY95.50,CNY860.00(全9册) | |
| 100 | @a20151102d2015 em y0chiy50 ea | |
| 101 | 0 | @achi |
| 102 | @aCN@b420000 | |
| 105 | @aak z 000yy | |
| 106 | @ar | |
| 200 | 1 | @a中国式低碳@9zhong guo shi di tan@dLow-carbon in China@f肖钢编著@zeng |
| 210 | @a武汉@c武汉大学出版社@d2015.09 | |
| 215 | @a198页@c图,照片@d25cm | |
| 225 | 2 | @a大能源 |
| 330 | @a本书分为综合能源篇、非常规能源篇、低碳能源篇、媒体互动篇、人文科技篇,主要内容包括:世界新型工业化道路及我国能源战略思考、保障能源安全的路径、用创新思维进行能源创新等。 | |
| 333 | @a能源研究人员 | |
| 461 | 0 | @12001 @a大能源 |
| 510 | 1 | @aLow-carbon in China@zeng |
| 606 | 0 | @a节能@y中国@j普及读物 |
| 690 | @aTK018-49@v5 | |
| 701 | 0 | @a肖钢@9xiao gang@4编著 |
| 801 | 0 | @aCN@b人天书店@c20151102 |
| 905 | @b982988-89@dTK018-49@e148@f2 | |
| 中国式低碳=Low-carbon in China/肖钢编著.-武汉:武汉大学出版社,2015.09 |
| 198页:图,照片;25cm.-(大能源) |
| 使用对象:能源研究人员 |
| ISBN 978-7-307-16746-9:CNY95.50,CNY860.00(全9册) |
| 本书分为综合能源篇、非常规能源篇、低碳能源篇、媒体互动篇、人文科技篇,主要内容包括:世界新型工业化道路及我国能源战略思考、保障能源安全的路径、用创新思维进行能源创新等。 |
| ● |
| 相关链接 |
|
|
|
|
正题名:中国式低碳
索取号:TK018-49/148
 
预约/预借
| 序号 | 登录号 | 条形码 | 馆藏地/架位号 | 状态 | 备注 |
| 1 | 982988 | 209829881 | 第二样本阅览室/ [索取号:TK018-49/148] | 在馆 | |
| 2 | 982989 | 209829890 | 第三借阅区/ [索取号:TK018-49/148] | 在馆 |